C++ for Java Programmers
Uloženo v:
| Hlavní autor: | |
|---|---|
| Médium: | Kniha |
| Jazyk: | Undetermined |
| Vydáno: |
Pearson Prentice Hall
Pearson Education
2004
|
| Tagy: |
Přidat tag
Žádné tagy, Buďte první, kdo otaguje tento záznam!
|
| Thư viện lưu trữ: | Trung tâm Học liệu Trường Đại học Cần Thơ |
|---|
| LEADER | 00452nam a2200169Ia 4500 | ||
|---|---|---|---|
| 001 | CTU_64664 | ||
| 008 | 210402s9999 xx 000 0 und d | ||
| 020 | |b 523000 | ||
| 082 | |a 005.133 | ||
| 082 | |b W429 | ||
| 100 | |a Mark Allen Weiss | ||
| 245 | 0 | |a C++ for Java Programmers | |
| 245 | 0 | |c Mark Allen Weiss | |
| 260 | |a Pearson Prentice Hall | ||
| 260 | |b Pearson Education | ||
| 260 | |c 2004 | ||
| 980 | |a Trung tâm Học liệu Trường Đại học Cần Thơ | ||